Countries Closest to Pitcairn Island - One Minute Sprint - Statistics

General Stats
  • This quiz has been taken 33 times
  • The average score is 12 of 21
Answer Stats
km country miles % Correct
2073 Chile 1288
93%
5579 Argentina 3467
89%
4940 Ecuador 3069
81%
5624 Peru 3494
81%
6250 Brazil 3884
74%
4170 Kiribati 2591
70%
4639 New Zealand 2883
70%
5622 United States 3493
70%
4482 Samoa 2785
67%
6250 Colombia 3884
59%
4561 Tonga 2834
59%
4997 Fiji 3105
56%
5559 Tuvalu 3454
56%
5626 Mexico 3496
44%
4130 Niue 2566
41%
2842 Cook Islands 1766
37%
6137 Vanuatu 3814
37%
6026 Guatemala 3745
33%
6121 El Salvador 3804
26%
6248 Nicaragua 3883
26%
6194 Costa Rica 3849
19%
No matching quizzes found
Score Distribution
Percent of People with Each Score
Percentile by Number Answered
Your Score History
You have not taken this quiz